Veloce Digitando dalla A alla Z - in ordine alfabetico - Statistics

Statistiche generali
  • Questo quiz è stato fatto 2.489 volte
  • Il punteggio medio è 20 su 26
Statistiche sulle risposte
lettera % Corretto
A
100%
B
99%
C
98%
D
97%
E
96%
F
95%
G
95%
H
94%
I
93%
J
80%
K
79%
L
77%
M
76%
N
75%
O
73%
P
72%
Q
70%
R
68%
S
66%
T
65%
U
64%
V
59%
W
52%
X
47%
Y
44%
Z
43%
Nessun quiz corrispondente trovato
Distribuzione punteggi
Percentuale di utenti per punteggio
Percentile per numero di risposta
I tuoi punteggi nel tempo
Non hai fatto questo quiz